header

Environmental tobacco smoke (Record no. 49680)

MARC details
000 -LEADER
fixed length control field 01376nam a2200313Ia 4500
082 04 - DEWEY DECIMAL CLASSIFICATION NUMBER
Classification number 363.7/392
245 10 - TITLE STATEMENT
Title Environmental tobacco smoke
260 ## - PUBLICATION, DISTRIBUTION, ETC. (IMPRINT)
Place of publication Washington, D.C. :
Name of publisher National Academy Press,
Year of publication 1986.
300 ## - PHYSICAL DESCRIPTION
Number of Pages xiii, 337 p. :
Other physical details ill.
650 #0 - SUBJECT ADDED ENTRY--TOPICAL TERM
Topical Term Tobacco smoke pollution
Topical Term Tobacco smoke
Topical Term Passive smoking.
856 40 - ELECTRONIC LOCATION AND ACCESS
Uniform Resource Identifier http://site.ebrary.com/lib/rucke/Doc?id=10085522

No items available.

© 2026 Rongo University
Contact us: librarian | system librarian | Rongo university